15 Biggest cities in a random Country on a map - Americas - Statistics

General Stats
  • This quiz has been taken 2,361 times
  • The average score is 8 of 15
Answers on the Map
Answers color-coded by a green-red scale on the quiz's map according to % correct below.
 
Answer Stats
Country Population Answer % Correct
Colombia 10,939,773 Bogotá
100%
Argentina 15,172,700 Buenos Aires
100%
Venezuela 2,938,432 Caracas
100%
Guatemala 2,925,683 Guatemala City
100%
Ecuador 2,278,691 Guayaquil
100%
Cuba 2,131,480 Havana
100%
Bolivia 1,852,939 La Paz
100%
Peru 9,562,280 Lima
100%
Nicaragua 1,038,785 Managua
100%
Mexico 21,757,804 Mexico City
100%
United States 6,113,866 Miami
100%
United States 18,804,189 New York
100%
Ecuador 1,607,734 Quito
100%
Costa Rica 1,428,300 San José
100%
Chile 6,160,040 Santiago
100%
Dominican Republic 2,581,827 Santo Domingo
100%
Honduras 1,079,400 Tegucigalpa
100%
Canada 5,429,524 Toronto
100%
United States 4,308,622 Boston
98%
United States 8,864,433 Chicago
98%
United States 6,282,084 Dallas
98%
United States 12,447,189 Los Angeles
98%
United States 3,427,893 Seattle
98%
Brazil 4,626,859 Brasília
97%
Mexico 5,161,843 Guadalajara
97%
Brazil 13,439,519 Rio de Janeiro
97%
Brazil 21,999,878 São Paulo
97%
United States 5,781,436 Atlanta
96%
United States 6,347,166 Houston
96%
Canada 3,519,595 Montreal
96%
Canada 989,567 Ottawa
96%
United States 4,496,813 Phoenix
96%
United States 3,314,757 San Francisco
96%
Canada 2,264,823 Vancouver
96%
United States 5,311,029 Washington
96%
Brazil 6,071,680 Belo Horizonte
94%
United States 3,552,351 Detroit
93%
United States 5,714,730 Philadelphia
93%
Colombia 3,993,661 Medellín
91%
United States 3,247,217 San Diego
89%
Argentina 1,612,100 Córdoba
88%
Argentina 1,339,500 Rosario
88%
Bolivia 238,798 Sucre
86%
Mexico 2,130,982 Tijuana
85%
Canada 1,062,643 Edmonton
84%
Colombia 2,776,621 Cali
83%
Brazil 2,251,320 Manaus
82%
Canada 705,103 Quebec
82%
Canada 1,237,656 Calgary
80%
Peru 428,450 Cusco
79%
Brazil 4,116,220 Recife
79%
Bolivia 1,705,079 Santa Cruz
77%
Mexico 4,846,184 Monterrey
76%
Brazil 3,829,760 Salvador
76%
Guatemala 180,706 Quetzaltenango
75%
Colombia 2,267,813 Barranquilla
74%
Brazil 4,062,660 Fortaleza
74%
Canada 316,701 Halifax
73%
Venezuela 2,250,622 Maracaibo
73%
Mexico 3,184,002 Puebla
73%
Canada 711,925 Winnipeg
73%
Brazil 2,328,280 Belém
71%
Honduras 661,190 San Pedro Sula
71%
Brazil 3,668,000 Curitiba
68%
Brazil 4,132,160 Porto Alegre
68%
Mexico 1,514,601 Ciudad Juárez
67%
Colombia 1,061,463 Cartagena
65%
Cuba 216,003 Guantánamo
64%
Cuba 433,581 Santiago de Cuba
64%
Canada 383,437 London
63%
Dominican Republic 550,753 Santiago de los Caballeros
60%
Bolivia 1,296,739 Cochabamba
59%
Venezuela 1,905,270 Valencia
59%
Canada 335,696 Victoria
57%
Mexico 1,156,821 Mérida
55%
Mexico 1,116,601 Mexicali
55%
Mexico 2,454,684 Toluca
52%
Canada 693,645 Hamilton
51%
Peru 1,002,846 Arequipa
50%
Guatemala 212,047 Cobán
50%
Guatemala 156,313 Escuintla
50%
Costa Rica 57,000 Liberia
50%
Costa Rica 65,400 Limón (Puerto Limón)
50%
Argentina 1,053,500 Mendoza
50%
Brazil 1,450,401 Natal
50%
Bolivia 316,460 Oruro
50%
Argentina 644,400 Salta
50%
Mexico 1,050,161 Chihuahua
48%
Peru 369,477 Iquitos
46%
Peru 857,063 Trujillo
46%
Venezuela 1,211,541 Barquisimeto
45%
Cuba 308,902 Camagüey
45%
Venezuela 914,784 Ciudad Guayana
45%
Cuba 297,433 Holguín
45%
Mexico 1,819,941 León
45%
Venezuela 1,200,541 Maracay
45%
Brazil 1,483,140 São Luís
44%
Colombia 1,327,542 Bucaramanga
43%
Honduras 108,850 Comayagua
43%
Canada 287,069 Windsor
43%
Ecuador 329,928 Cuenca
42%
Brazil 3,291,101 Campinas
41%
Venezuela 401,054 Ciudad Bolívar
41%
Bolivia 176,022 Potosí
41%
Chile 901,468 Valparaíso
39%
Brazil 2,676,360 Goiânia
38%
Argentina 852,800 La Plata
38%
Argentina 626,300 Mar del Plata
38%
Cuba 159,966 Bayamo
36%
Cuba 173,552 Las Tunas
36%
Cuba 145,193 Pinar del Río
36%
Cuba 108,483 Sancti Spíritus
36%
Colombia 449,463 Buenaventura
35%
Colombia 931,079 Cúcuta
35%
Mexico 1,102,041 Aguascalientes
33%
Costa Rica 192,300 Alajuela
33%
Nicaragua 102,089 Granada
33%
Nicaragua 171,255 León
33%
Nicaragua 129,980 Masaya
33%
Chile 171,136 Puerto Montt
33%
Costa Rica 84,800 Puntarenas
33%
Costa Rica 31,900 Quesada de San Carlos
33%
Venezuela 791,919 Barcelona
32%
Venezuela 378,297 Barinas
32%
Venezuela 576,108 Cabimas
32%
Bolivia 44,120 Cobija
32%
Bolivia 179,561 Tarija
32%
Colombia 424,655 Montería
30%
Dominican Republic 71,494 San Juan de la Maguana
30%
Colombia 525,847 SantaMarta
30%
Honduras 118,740 El Progreso
29%
Peru 274,037 Ica
29%
Honduras 195,780 La Ceiba
29%
Chile 352,638 Antofagasta
28%
Chile 204,078 Arica
28%
Cuba 151,838 Cienfuegos
27%
Venezuela 391,676 Cumaná
27%
Canada 470,015 Kitchener
27%
Cuba 98,904 Manzanillo
27%
Cuba 143,363 Matanzas
27%
Venezuela 690,270 Maturín
27%
Mexico 1,333,502 Querétaro
27%
Bolivia 78,773 Riberalta
27%
Venezuela 470,054 San Cristóbal
27%
Mexico 1,156,821 San Luis Potosí
27%
Cuba 216,854 Santa Clara
27%
Bolivia 101,628 Trinidad
27%
Colombia 585,232 Ibagué
26%
Colombia 447,616 Manizales
26%
Colombia 580,000 Pereira
26%
Peru 211,279 Ayacucho
25%
Peru 201,329 Cajamarca
25%
Guatemala 96,985 Chimaltenango
25%
Peru 354,273 Chimbote
25%
Guatemala 111,505 Chiquimula
25%
Peru 411,267 Huancayo
25%
Guatemala 117,818 Huehuetenango
25%
Guatemala 159,840 Jalapa
25%
Guatemala 145,880 Jutiapa
25%
Peru 460,876 Piura
25%
Peru 326,462 Pucallpa
25%
Guatemala 100,593 Puerto Barrios
25%
Guatemala 155,965 San Juan Sacatepéquez
25%
Argentina 902,200 San Miguel de Tucumán
25%
Peru 284,905 Tacna
25%
Venezuela 356,700 Acarigua - Araure
23%
Venezuela 449,919 Guarenas
23%
Chile 722,929 Concepción
22%
Chile 294,949 Iquique
22%
Chile 401,938 La Serena
22%
Colombia 530,119 Valledupar
22%
Colombia 542,079 Villavicencio
22%
Peru 276,110 Juliaca
21%
Dominican Republic 78,995 Barahona
20%
Dominican Republic 224,882 La Romana
20%
Dominican Republic 118,496 Puerto Plata
20%
Dominican Republic 185,255 San Pedro de Macorís
20%
Mexico 1,071,481 Cuernavaca
18%
Canada 308,875 Oshawa
18%
Nicaragua 54,216 Bluefields
17%
Chile 158,487 Calama
17%
Costa Rica 229,200 Cartago
17%
Peru 606,907 Chiclayo
17%
Nicaragua 112,260 Chinandega
17%
Ecuador 230,839 Durán
17%
Ecuador 154,035 Esmeraldas
17%
Nicaragua 107,357 Estelí
17%
Costa Rica 37,500 Grecia
17%
Costa Rica 37,500 Guápiles
17%
Costa Rica 360,100 Heredia
17%
Ecuador 170,280 Loja
17%
Ecuador 206,682 Portoviejo
17%
Nicaragua 75,759 PuertoCabezas
17%
Costa Rica 66,000 San Isidro de El General
17%
Costa Rica 31,200 San Isidro de Heredia
17%
Costa Rica 55,800 San Rafael de Alajuela
17%
Costa Rica 39,900 San Ramón de los Palmares
17%
Ecuador 270,875 Santo Domingo de los Colorados
17%
Chile 278,513 Temuco
17%
Honduras 95,110 Choluteca
14%
Bolivia 76,123 La Guardia
14%
Bolivia 107,298 Montero
14%
Honduras 75,150 Villanueva
14%
Argentina 393,200 Corrientes
13%
Argentina 361,400 Posadas
13%
Argentina 432,800 Resistencia
13%
Argentina 512,000 San Juan
13%
Argentina 540,200 Santa Fe
13%
Argentina 401,800 Santiago del Estero
13%
Chile 150,962 Copiapó
11%
Dominican Republic 72,466 Baní
10%
Dominican Republic 75,827 Boca Chica
10%
Dominican Republic 104,536 La Vega
10%
Dominican Republic 245,269 Los Alcarrizos
10%
Dominican Republic 138,455 San Cristobal
10%
Dominican Republic 132,725 San Francisco de Macorís
10%
Cuba 88,987 Cárdenas
9%
Cuba 120,446 Ciego de Ávila
9%
Ecuador 165,185 Ambato
8%
Ecuador 131,856 Ibarra
8%
Ecuador 231,260 Machala
8%
Ecuador 217,553 Manta
8%
Ecuador 133,508 Milagro
8%
Ecuador 150,827 Quevedo
8%
Ecuador 146,324 Riobamba
8%
Chile 290,864 Rancagua
6%
Chile 237,295 Talca
6%
Bolivia 77,668 Warnes
5%
Bolivia 61,844 Yacuíba
5%
Dominican Republic 68,602 Banao
0%
Honduras 58,850 Catacamas
0%
Chile 191,983 Chillán
0%
Honduras 196,110 Choloma
0%
Nicaragua 115,790 Ciudad Sandino
0%
Honduras 73,860 Danlí
0%
Nicaragua 50,505 El Viejo
0%
Dominican Republic 147,978 Higüey
0%
Nicaragua 53,950 Jinotega
0%
Nicaragua 52,350 Juigalpa
0%
Honduras 67,870 Juticalpa
0%
Honduras 73,250 La Lima
0%
Nicaragua 106,697 Matagalpa
0%
Nicaragua 51,393 Mateare
0%
Argentina 395,600 Neuquén
0%
Costa Rica 30,000 Palmares de Alajuela
0%
Honduras 67,620 Puerto Cortés
0%
Chile 151,779 Quillota
0%
Guatemala 90,505 Retalhuleu
0%
Guatemala 78,279 Santa Cruz del Quiché
0%
Honduras 71,550 Siguatepeque
0%
Guatemala 88,612 Sololá
0%
Nicaragua 134,103 Tipitapa
0%
Honduras 57,730 Tocoa
0%
Guatemala 103,952 Totonicapán
0%
Bolivia 62,979 Viacha
0%
No matching quizzes found
Score Distribution
Percent of People with Each Score
Percentile by Number Answered
Your Score History
You have not taken this quiz